000 00596nam a22002297a 4500
001 64372
003 UA-OsUOA
005 20211105185850.0
007 ta
008 20091104b un ||||| |||| 00| 0 ukr d
040 _aUA-OsUOA
_brus
_cUA-OsUOA
_dUA-OsUOA
041 _arus
080 _a94(470+571)
090 _a94(470+571)
_bС17
100 _aСамсонов А.
245 _aЗнать и помнить: диалог историка с читателем
260 _aМ.
_bИПЛ
_c1988
300 _a367 с.
650 7 _a94 Історія
_2UDC
942 _cBK
_2udc
955 _a3
999 _c350257
_d350257